Terapia narrativa: una introducción para profesionales

Uloženo v:
Podrobná bibliografie
Hlavní autor: Payne, Martin (autor)
Médium: Kniha
Jazyk:španělština
Vydáno: Barcelona Paidós 2002
Edice:Psicología. Psiquiatría. Psicoterapia, 208
Témata:
Tagy: Přidat tag
Žádné tagy, Buďte první, kdo vytvoří štítek k tomuto záznamu!

MARC

LEADER 00000nam a2200000 a 4500
001 UCL0599
003 CL-VaPUC
008 030728e20020000SP |||||||||||||||||spa|d
020 |a 8449312620 
082 0 4 |a 616.8914  |b PAY  |2 21 
100 |a Payne, Martin  |e autor  |9 477262 
245 1 0 |a Terapia narrativa: una introducción para profesionales 
300 |a 264 p 
942 |c BK 
945 |d 20030728 00:00:00  |a cmena 
260 |a Barcelona  |b Paidós  |c 2002 
650 7 |a PSICOTERAPIA  |2 CL-VaPUC  |9 477263 
650 0 |a Terapia familiar  |9 312193 
650 0 |a Psiquiatría  |9 308427 
583 |a last modification  |c 20140410 05:21:03  |k Rodrigo Vera 
490 0 |a Psicología. Psiquiatría. Psicoterapia, 208 
999 |c 304416  |d 304414 
952 |0 0  |1 0  |4 0  |6 616_891400000000000_PAY_2002  |7 0  |8 A  |9 366696  |a BIBEDU  |b BIBEDU  |c ES_NOD  |d 2019-11-21  |i 3907422  |l 1  |o 616.8914 PAY 2002  |p 3907422  |r 2024-11-12  |s 2024-10-28  |w 2019-11-21  |y BK  |k PSI 
952 |0 0  |1 0  |4 0  |6 616_891400000000000_PAY_2002  |7 0  |8 A  |9 366697  |a BIBEDU  |b BIBEDU  |c ES_NOD  |d 2019-11-21  |i 4001257  |l 3  |o 616.8914 PAY 2002  |p 4001257  |r 2024-10-17  |s 2024-10-10  |w 2019-11-21  |y BK  |k BME 
952 |0 0  |1 0  |4 0  |6 616_891400000000000_PAY_2002  |7 0  |8 A  |9 366698  |a BIBEDU  |b BIBEDU  |c ES_NOD  |d 2019-11-21  |i 4450167  |l 1  |o 616.8914 PAY 2002  |p 4450167  |r 2023-08-09  |s 2022-10-12  |w 2019-11-21  |y BK  |k PSI